Dominicanismos diccionario para entender al dominicano: una recopilacion de palabras, fraces y expresiones que definen la indiosincracia del dominicano / Lucy Gomez Morin (Registro nro. 11660)

Detalles MARC
000 -LEADER
fixed length control field 00557nam a22001691a 4500
001 - CONTROL NUMBER
control field 11660
003 - CONTROL NUMBER IDENTIFIER
control field OSt
005 - DATE AND TIME OF LATEST TRANSACTION
control field 20260204212251.0
008 - FIXED-LENGTH DATA ELEMENTS--GENERAL INFORMATION
fixed length control field 130502s2009||||dr ||||||b||||||||||spa||
050 ## - LIBRARY OF CONGRESS CALL NUMBER
Classification number RD 036.93 G586d
100 ## - ASIENTO PRINCIPAL -- NOMBRE PERSONAL
Personal name Gomez Morin, Lucy
245 ## - TÍTULO PROPIAMENTE DICHO: SUBTÍTULO
Title Dominicanismos diccionario para entender al dominicano: una recopilacion de palabras, fraces y expresiones que definen la indiosincracia del dominicano / Lucy Gomez Morin
264 ## - PRODUCTION, PUBLICATION, DISTRIBUTION, MANUFACTURE, AND COPYRIGHT NOTICE
Place of production, publication, distribution, manufacture República Dominicana : Canadex
300 ## - PHYSICAL DESCRIPTION
Extensión 171 P
500 ## - GENERAL NOTE
General note Incluye bibliografiaÌ
942 ## - ADDED ENTRY ELEMENTS (KOHA)
Source of classification or shelving scheme Dewey Decimal Classification
Koha item type Libros
Existencias
Withdrawn status Lost status Source of classification or shelving scheme Damaged status Not for loan Current library Date acquired Total Checkouts Full call number Barcode Date last seen Price effective from Koha item type
    Dewey Decimal Classification     Biblioteca UTECO 09/09/2019   RD 036.93 G586D 016855 09/09/2019 09/09/2019 Libros
© 2021 Derechos Reservados UTECO - Teléfono: +1 809-585-2291 - Correo electrónico: biblioteca@uteco.edu.do​  
Código postal 43000 ​​
Dirección: Avenida Universitaria No. 100, 
Cotuí, Provincia Sánchez Ramírez, República Dominicana - RNC: 404-00059-6